000 00954nam a2200241Ia 4500
003 IN-BaIIA
008 211028s9999 xx 000 0 eng d
020 _a90-277-0456-2
040 _cIIA Library
080 _a082.2:52
_bIAU-S63
111 _aInternational Astronomical Union Symposium (Copernicus Symposium)
_n2nd
_cCracow, Poland
_d1973 Sep. 10-12
_98428
245 0 _aConfrontation of cosmological theories with observational data
_bproceedings of the IAU symposium (Copernicus symposium) no. 63, held in Cracow, Poland, September 10-12, 1973
_cedited by M.S. Longair
260 _aDordrecht
_bD. Reidel Publishing
_c1974
300 _axi, 382p.
490 _aIAU Symposium; no. 63
650 _aAstronomy and Astrophysics Thesaurus
650 _aCosmology
650 _aObservational cosmology
_98429
650 _aObserving techniques
_9822
700 _aLongair, M. S., ed.
_98430
710 _aInternational Astronomical Union
942 _cBK
999 _c4744
_d4744